000 01156nam a2200313 a 4500
001 000110393
003 CHAP
005 20220329144130.0
008 140825s2014 mx sm |||||||spa d
010 _a106855
011 _a107827
040 _cCHAP
090 _aTesis
100 1 _aCruz Hernández, Isela
_9127883
245 1 0 _aNuevo herbicida hormonal para el control de polygonum convolvulus L. bajo condiciones de invernadero
_h[En línea]
_cpor Isela Cruz Hernández.
260 _aChapingo, Méx. :
_bEl autor,
_c2014.
500 _aPara ver el contenido del material haga clic en la liga
502 _aTesis (Ing. Agr. Esp. en Parasitología Agrícola) -- UACH. Departamento de Parasitología Agrícola
590 _aBATCH-UPD
_b05
_c20141002
_lUCH01
_h0905
590 _aE5765TAJ
_b05
_c20140825
_lUCH01
_h1136
590 _aE5765TAJ
_b05
_c20140825
_lUCH01
_h1137
650 1 4 _aHerbicidas
_xAplicación.
_953692
650 1 4 _aMalas hierbas
_xControl.
_970011
650 1 4 _aMalas hierbas
_xHerbicidas.
_9125597
856 _aFinding aid
_uhttp://10.13.5.2/tesis/sist110393.pdf
_zTeclea aquí
901 _aBK
942 _cTESIS
942 _n0
999 _c106855
_d106855